00883nam a2200241 a 450000100100000000500170001000800410002702000140006804000250008208200090010724000490011624501680016526000420033330000360037549000400041150000270045150400280047870000200050670000350052670000270056170000130058883000400060100003682920200930075948.0120201s1989 sp ac 000 0 spa d a847592167 aDO-SdBNPbspacBNPHU axxxx00aGiving emergency care competentlylEspañol00aSituaciones de urgencia inmediata. /ccolaborador Joy P. Clausen; traducción de la edicción original Rosa Ma. Castellsagué; prólogo P. Vilagrasa y M. Peya. aBarcelona :bEdiciones Doymas,c1989. a192 p. :bils., retr. ;c24 cm.1 aAtención integral en enfermería aTraducido del inglés aBibliografía : p. 1801 aClausen, Joy P.1 aCastellsagué, Rosa Ma.,etr.1 aVilagrasa, P.epról.1 aPeya, M. 0aAtención integral en enfermería